| 000 | 01039cam a2200277 a 4500 | ||
|---|---|---|---|
| 999 |
_c566 _d566 |
||
| 008 | 040109s2003 enk b i100 0 eng d | ||
| 020 | _a9280141619 | ||
| 040 | _aDOJ | ||
| 082 | 0 | 0 | _a341.75668 I339 |
| 110 |
_976 _aInternational Maritime Organization |
||
| 130 | 0 |
_aAthens Convention relating to the Carriage of Passengers and their Luggage by Sea, 1974 _d(1974 : Athens). _kProtocols, etc., _d2002. |
|
| 245 | 1 | 0 |
_aPassengers and their luggage / _cby International Maritime Organization. |
| 250 | _a2nd ed., 2003. | ||
| 260 |
_aLondon : _bInternational Maritime Organization, _c2003. |
||
| 300 |
_av, 49 p. ; _c24 cm. |
||
| 500 | _a"2003 edition." | ||
| 500 | _a"Sales number : IA436E." | ||
| 504 | _aIncludes bibliographical references. | ||
| 650 | 0 | _aMaritime law. | |
| 650 | 0 |
_aTransportation _xPassenger traffic. |
|
| 650 | 0 |
_aCargo handling _xLaw and legislation. |
|
| 650 | 0 |
_aCarriers _xLaw and legislation. |
|
| 650 | 0 |
_aOcean travel _xLaw and legislation. |
|
| 710 | 2 | _aInternational Maritime Organization. | |
| 942 | _cBK | ||